000
00334nam a2200157Ia 4500
100
_a
Festo
650
_a
festo
942
_c
RB
654
_a
grippers
245
_a
Grippers and their applications 053435
260
_b
Festo
_a
Bangalore
_c
2001
082
_a
629.8045/FES
_b
FES
300
_a
114
546
_a
ENGLISH
999
_c
28334
_d
28334